• 首页
  • 本馆介绍
  • 公告通知
  • 最新文献
  • 馆藏检索
  • 电子资源
  • 读者导购
  • 参考咨询
  • 我的图书馆
  • 登录
  • 详细信息显示
  • 放入我的书架
  • 预约/预借图书
  • 作者相关作品
  • 分类相关作品
  • 丛书相关作品
  • 出版社相关作品

书目信息

  • 表格格式
  • 工作单格式
  • 卡片格式
题名:
信息组织的分类法与主题法
    
 
作者: 曹树金 , 罗春荣 编著
分册:  
出版信息: 北京   北京图书馆出版社  2000
页数: 464页
开本: 20cm
丛书名:
单 册:
中图分类: G254.11 , G254.21
科图分类:
主题词: 分类法--概论 , 主题法--概论
电子资源:
ISBN: 7-5013-1124-2
000 01011nam0 2200265 45
001 CAL 010020005006
005 20070730103210.81
010    @a7-5013-1124-2@dCNY22.50
100    @a20030109e20022000em y0chiy0120 ea
101 0  @achi
102    @aCN@b110000
105    @ay z 000yy
200 1  @a信息组织的分类法与主题法@Axin xi zu zhi de fen lei fa yu zhu ti fa@f曹树金, 罗春荣编著
210    @a北京@c北京图书馆出版社@d2000
215    @a464页@d20cm
306    @a2002年第2次印刷
330    @a本书介绍了信息组织中的分类法与主题法。包括主题与主题分析、标引语言和信息/文献标引概述、分类语言、分类标引的方法和规则、标题语言和关键语言、叙词语言、使用叙词语言的主题标引方法和规则、分类主题一体化语言及其应用、网络信息组织的分类法和主题法、分类法和主题法的发展。
606 0  @a分类法@x概论
606 0  @a主题法@x概论
690    @aG254.11@v4
690    @aG254.21@v4
701  0 @a曹树金@Acao shu jin@4编著
701  0 @a罗春荣@Aluo chun rong@4编著
801  0 @aCN@bWHC@c20070730
905    @a10447@dG254.11@e108
    
    信息组织的分类法与主题法/曹树金, 罗春荣编著.-北京:北京图书馆出版社,2000
    464页;20cm
    
    
    ISBN 7-5013-1124-2:CNY22.50
    本书介绍了信息组织中的分类法与主题法。包括主题与主题分析、标引语言和信息/文献标引概述、分类语言、分类标引的方法和规则、标题语言和关键语言、叙词语言、使用叙词语言的主题标引方法和规则、分类主题一体化语言及其应用、网络信息组织的分类法和主题法、分类法和主题法的发展。
●
相关链接 在E读中查询图书 在五车中查询图书 在当当中查询图书 在豆瓣中查询图书


正题名:信息组织的分类法与主题法     索取号:G254.11/108         预约/预借

序号 登录号 条形码 馆藏地/架位号 状态 备注
1 0784296   207842968   第一样本阅览室/ [索取号:G254.11/108] 在馆    
2 0784327   207843271   第四借阅区/ [索取号:G254.11/108] 在馆    
唐山师范学院图书馆 欢迎您!
大连网信软件有限公司© 版权所有